书目信息 |
| 题名: |
信号处理引论
|
|
| 作者: | 麦克莱伦 , McClellan , Schafer , 麦克莱伦 James H. McClellan 著 ;Yoder 著 | |
| 分册: | ||
| 出版信息: | 北京 科学出版社 2003.08 |
|
| 页数: | 489页 | |
| 开本: | 26cm | |
| 丛书名: | 国外高校电子信息类优秀教材 | |
| 单 册: | ||
| 中图分类: | TN911.7 | |
| 科图分类: | ||
| 主题词: | 信号处理--高等学校--教材--英文 | |
| 电子资源: | ||
| ISBN: | 7-03-011618-6 | |
| 000 | 01343nam2 2200325 45 | |
| 001 | 012003000000 | |
| 005 | 20050114102213.53 | |
| 010 | @a7-03-011618-6@dCNY 45.00 | |
| 100 | @a20031012d2003 ekmy0chiy0121 ea | |
| 101 | 0 | @aeng |
| 102 | @aCN@b110000 | |
| 105 | @aa z 001yy | |
| 200 | 1 | @a信号处理引论@Axin hao chu li yin lun@dSignal processing first@f(美)麦克莱伦 James H. McClellan, (美)Ronald W. Schafer, (美)Mark A. Yoder著@F(mei)mai ke lai lun James H.McClellan,(mei)Ronald W.Schafer,(mei)Mark A.Yoder zhu@zeng |
| 210 | @a北京@c科学出版社@d2003.08 | |
| 215 | @a489页@c图表@d26cm@e附光盘1张 | |
| 225 | 2 | @a国外高校电子信息类优秀教材@e英文影印版 |
| 307 | @a光盘ISBN0-13-065562-7 | |
| 320 | @a本书第482-489页含索引。 | |
| 330 | @a本书内容包括正弦曲线, 频谱表示, 取样和混叠, FIR滤波器, FIR滤波器的频率响应, z变换,IIR滤波器, 连续时间信号和LTI系统, 频谱响应等。 | |
| 410 | 0 | @12001 @a国外高校电子信息类优秀教材 |
| 510 | 1 | @aSignal processing first@zeng |
| 606 | 0 | @a信号处理@x高等学校@j教材@x英文 |
| 690 | @aTN911.7@v4 | |
| 701 | 1 | @a麦克莱伦@Amai ke lai lun@4著 |
| 701 | A1 | @aMcClellan@bJames H.@4著 |
| 701 | A1 | @aSchafer@bRonald W.@4著 |
| 701 | 0 | @a麦克莱伦 James H. McClellan@Amai ke lai lun James H.McClellan@4著 |
| 702 | A1 | @aYoder@bMark A.@4著 |
| 801 | 0 | @aCN@bQSSK3@c20050114 |
| 905 | @a10447@dTN911.7@eM280 | |
| 信号处理引论=Signal processing first/(美)麦克莱伦 James H. McClellan, (美)Ronald W. Schafer, (美)Mark A. Yoder著.-北京:科学出版社,2003.08 |
| 489页:图表;26cm+附光盘1张.-(国外高校电子信息类优秀教材:英文影印版) |
| ISBN 7-03-011618-6:CNY 45.00 |
| 本书内容包括正弦曲线, 频谱表示, 取样和混叠, FIR滤波器, FIR滤波器的频率响应, z变换,IIR滤波器, 连续时间信号和LTI系统, 频谱响应等。 |
| ● |
| 相关链接 |
|
|
|
正题名:信号处理引论
索取号:TN911.7/M280
 
预约/预借
| 序号 | 登录号 | 条形码 | 馆藏地/架位号 | 状态 | 备注 |
| 1 | 437645 | 204376451 | 自科库301/301自科库 35排2列1层/ [索取号:TN911.7/M280] | 在馆 |